Future Grace / (Record no. 49631)
| 000 -LEADER | |
|---|---|
| fixed length control field | 00286nam a2200109 4500 |
| 020 ## - INTERNATIONAL STANDARD BOOK NUMBER | |
| International Standard Book Number | 9781576733370 |
| 100 ## - MAIN ENTRY--PERSONAL NAME | |
| Personal name | Piper, John. |
| 9 (RLIN) | 68078 |
| 245 ## - TITLE STATEMENT | |
| Title | Future Grace / |
| Statement of responsibility, etc | John Piper. |
| 260 ## - PUBLICATION, DISTRIBUTION, ETC. (IMPRINT) | |
| Place of publication, distribution, etc | Oregon: |
| Name of publisher, distributor, etc | Multnomah Publishers, Inc; |
| Date of publication, distribution, etc | 1995. |
| 300 ## - PHYSICAL DESCRIPTION | |
| Extent | 448 p. |
| Dimensions | 23 cm. |
| 942 ## - ADDED ENTRY ELEMENTS (KOHA) | |
| Source of classification or shelving scheme | |
| Koha item type | NON FIC SECTION |
| Withdrawn status | Lost status | Source of classification or shelving scheme | Damaged status | Not for loan | Collection code | Home library | Current library | Shelving location | Date acquired | Full call number | Barcode | Date last seen | Price effective from | Koha item type |
|---|---|---|---|---|---|---|---|---|---|---|---|---|---|---|
| Non-Fiction | Asian Hope Secondary Library | Asian Hope Secondary Library | SECONDARY | 10/08/2025 | 248 PIP | 208286 | 01/16/2026 | 10/08/2025 | NON FIC SECTION |